000
00226 a2200097 4500
001
2303
100
_a
Duncar, W J
245
_a
Principles of control and stability of aircraft
260
_a
_b
Cambridge
_c
090
_c
1667
_d
1667
942
_a
NUST-CAE
_c
M
_c
7413
999
_c
237376
_d
237376